000 00790nas a2200265 4500
001 BR2016005079
003 BR-BrBNA
005 20231205130743.0
007 ta
008 230509b bl.|||p| |||| 00| 00por d
040 _aBR-BrBNA
_bpor
_cBiblioteca Nacional de Agricultura
041 _a(Pt)
072 _aQ03
100 1 _aPassos, F.
100 1 _aReis, M.R. dos
245 1 _aResíduos de agrotóxicos em alimentos de origem vegetal: revisão
650 _aFRUTA
650 _aHORTALIÇA
650 _aRESÍDUO
650 _aTOXIDEZ
650 _aLEGISLAÇÃO
773 0 _tPesticidas. Revista de Ecotoxicologia e Meio Ambiente (Brazil)
_xISSN 0103-7277
_g(Jan-Dec 2013), v. 23 p. 49-58
_wBR2016005079
909 _a202311
_bLúcia
_c55
_dLúcia Elande
942 _2AGRIS
_n0
_cANA
999 _c251036
_d251036